000
00299nam a22001337a 4500
008
170529b xxu||||| |||| 00| 0 eng d
020
_a
9788120341555
041
_a
eng
080
_2
2ND
_a
624
100
_a
27
101
_a
IM
245
_a
GEOTECHNICAL ENGINEERING
_c
CODUTO, D.P
942
_2
udc
_c
BK
999
_c
14724
_d
14724